Student 's guide to margin exercises for intermediate algebra (Record no. 2429)
[ view plain ]
| 000 -LEADER | |
|---|---|
| fixed length control field | 00414nam a22001457a 4500 |
| 050 ## - LIBRARY OF CONGRESS CALL NUMBER | |
| Classification Number | 154.2 |
| Item Number | .B44 1979 |
| 100 ## - MAIN ENTRY--Author | |
| Personal name | Beecher,judith A. |
| 245 ## - TITLE | |
| Title | Student 's guide to margin exercises for intermediate algebra |
| Statement of responsibility, etc | Judith A. Beecher,Keedy-Bittinger |
| 250 ## - EDITIONSTATEMENT | |
| Edition statement | 3rd.ed. |
| 260 ## - PUBLICATION, DISTRIBUTION, ETC.(IMPRINT) | |
| Place of publication, distribution, etc | Canada |
| Name of publisher, distributor, etc | Addson-wesley publishing co |
| 300 ## - PHYSICAL DESCRIPTION | |
| Extent | 161p. |
| 500 ## - GENERALNOTE | |
| General note | student's guide book |
| 650 ## - SUBJECT--TOPIC | |
| Topical term following geographic name as entry element | algebra. |
| 942 ## - ADDED ENTRY ELEMENTS(KOHA) | |
| Koha item type | General circulation |
| Source of classification or shelving scheme | Not for loan | Location (home branch) | Sublocation (holding branch) | Date accessioned | Cost, normal purchase price | Full call number | Barcode | Cost, replacement price | Koha item type | Public note |
|---|---|---|---|---|---|---|---|---|---|---|
| Library of Congress Classification | Main Campus Library | Main Campus Library | 29/08/2014 | 1500.00 | QA 154.2 .B44 1979 | 2021/025338 | 500.00 | General circulation | amm |